000 00270nam a22001217a 4500
999 _c530083
_d530083
003 NUST
005 20191009115421.0
038 _aNusrat Nadeem
082 _a620.1 FRA
100 _aWhite Frank M
_93282
245 _aFluid Mechanics
_cFrank M. White
942 _2ddc
_cBK